[Event "UKR-ch"]
[Site "Kiev"]
[Date "1986.??.??"]
[Round "6"]
[White "Novikov, Igor A"]
[Black "Legky, Nikolay A"]
[Result "1/2-1/2"]
[WhiteElo "2490"]
[BlackElo "2365"]

1.d4 f5 2.Nc3 d5 3.Bg5 g6 4.h4 Bg7 5.e3 Be6 6.Qf3 c6 7.Bd3 Nd7 8.Nge2 Ngf6
9.h5 Rg8 10.hxg6 hxg6 11.O-O-O Qa5 12.Kb1 Bf7 13.Bxf6 Nxf6 14.Qg3 O-O-O 15.f3 Nd7
16.Rh7 Nf8 17.Rh4 Bf6 18.Rhh1 Qc7 19.f4 e6 20.Qf3 g5 21.fxg5 Bxg5 22.Rdg1 Bg6
23.g4 fxg4 24.Rxg4 Bxd3 25.cxd3 Rg7 26.Rf1 Qe7 27.Qg3 Bh6  1/2-1/2

[Event "UKR-ch"]
[Site "Kiev"]
[Date "1986.??.??"]
[Round "9"]
[White "Podgaets, Mikhail"]
[Black "Novikov, Igor A"]
[Result "1/2-1/2"]
[WhiteElo "2455"]
[BlackElo "2490"]

1.d4 Nf6 2.c4 e6 3.Nc3 Bb4 4.e3 c5 5.Bd3 Nc6 6.Ne2 cxd4 7.exd4 d5 8.cxd5 Nxd5
9.Bc2 Be7 10.O-O O-O 11.Qd3 g6 12.Bb3 Nxc3 13.bxc3 Na5 14.Ng3 b6 15.Rd1 Bb7
16.c4 Qd7 17.Bb2 Bf6 18.Rac1 Rfd8 19.Bc3 Nxb3 20.axb3 Bg7 21.f3 Qe7 22.Qe2 Rd7
23.Rd3 Rad8 24.Rcd1 b5 25.Ne4 Bxe4 26.Qxe4 bxc4 27.bxc4 Rc8 28.c5 Rd5 29.Be1 Qd7
30.Bg3 Bf8 31.Bh4 a5 32.Bf6 Bg7 33.Bxg7 Kxg7 34.f4 Qa4 35.Qe1 Rb8 36.Rc1 Rb2
37.c6 Qa2 38.Rg3 Rb8 39.c7 Rc8 40.Rgc3 Qa4 41.Rc4  1/2-1/2

[Event "UKR-ch"]
[Site "Kiev"]
[Date "1986.??.??"]
[Round "10"]
[White "Novikov, Igor A"]
[Black "Okhotnik, Vladimir"]
[Result "1/2-1/2"]
[WhiteElo "2490"]
[BlackElo "2200"]

1.d4 Nf6 2.c4 g6 3.Nc3 d5 4.Nf3 Bg7 5.e3 O-O 6.Bd2 e6 7.Rc1 Nbd7 8.cxd5 exd5
9.b4 a5 10.b5 Nb6 11.Be2 Ne4 12.O-O Nxd2 13.Nxd2 a4 14.Qc2 Bf5 15.Bd3 Bxd3
16.Qxd3 Re8 17.Ne2 Bf8 18.Rc2 Bd6 19.f3 f5 20.f4 Qe7 21.Kf2 Ra5 22.Nf3 Qe4
23.Qd2 Nc4 24.Rxc4 dxc4 25.Qxa5 Qxe3+ 26.Kg3 g5 27.Re1 gxf4+ 28.Nxf4 Qxf4+
29.Kf2 Rxe1 30.Qxe1 Qe4 31.Qc1 Qe6 32.Qg5+ Kf7 33.Qd8 h6 34.d5 Qxd5 35.Qd7+ Kf8
36.Qh7 Bc5+ 37.Ke2 Qd3+ 38.Ke1 Qb1+ 39.Ke2 Qxa2+ 40.Nd2 c3 41.Qxf5+ Kg7 42.Qe5+ Kg8
43.Qg3+ Kf8 44.Qxc3 Qe6+ 45.Kd1 b6 46.Qf3+ Ke7 47.Qf4 Qd6 48.Qe4+ Kd8 49.Qxa4 Bb4
50.Qa2 Ke7 51.Qb2 Bxd2 52.Qg7+ Ke6 53.Qg6+ Kd5 54.Qxd6+ cxd6 55.Kxd2 Kc4
56.g4 Kd4 57.h4 Ke4 58.Kc3 Kf4 59.g5 hxg5 60.hxg5 Kxg5 61.Kd4 Kf6 62.Kd5 Ke7
63.Kc6 d5 64.Kxd5 Kd7 65.Ke5  1/2-1/2

[Event "UKR-ch"]
[Site "Kiev"]
[Date "1986.??.??"]
[Round "13"]
[White "Levin, Felix"]
[Black "Novikov, Igor A"]
[Result "1/2-1/2"]
[WhiteElo "2295"]
[BlackElo "2490"]

1.d4 Nf6 2.c4 e6 3.g3 d5 4.Nf3 dxc4 5.Bg2 a6 6.O-O Nc6 7.e3 Bd7 8.Qe2 b5
9.Rd1 Bd6 10.e4 Be7 11.Nc3 O-O 12.Bf4 Qc8 13.Rd2 Rd8 14.Rad1 Nb4 15.Ne5 Be8
16.a3 Nc6 17.Nxc6 Bxc6 18.d5 Bb7 19.Bh3 c6 20.dxe6 Rxd2 21.Rxd2 fxe6 22.Bd6 Qd7
23.Bc5 Qe8 24.Bxe6+ Kh8 25.Bxe7 Qxe7 26.Bh3 Re8 27.f4 Qc5+ 28.Kh1 Qb6 29.Bg2 c5
30.e5 Ne4  1/2-1/2

[Event "URS-FL"]
[Site "Kujbyshev"]
[Date "1986.??.??"]
[Round "?"]
[White "Novikov, Igor A"]
[Black "Tukmakov, Vladimir B"]
[Result "1/2-1/2"]
[WhiteElo "2495"]
[BlackElo "2575"]

1.d4 Nf6 2.Nf3 g6 3.c4 Bg7 4.Nc3 d5 5.Bf4 O-O 6.e3 c5 7.dxc5 Qa5 8.Rc1 dxc4
9.Bxc4 Qxc5 10.Bb3 Nc6 11.O-O Qa5 12.h3 Bf5 13.Qe2 Ne4 14.Nd5 e5 15.Rxc6 exf4
16.Rc7 Be6 17.Qe1 Qb5 18.Ne7+ Kh8 19.Bxe6 fxe6 20.Qb1 Ng5 21.Nh4 fxe3 22.Nhxg6+ hxg6
23.Nxg6+ Kg8 24.Ne7+ Kh8 25.Ng6+  1/2-1/2

[Event "Lvov Int"]
[Site "Lvov"]
[Date "1986.??.??"]
[Round "?"]
[White "Norwood, David"]
[Black "Novikov, Igor A"]
[Result "0-1"]
[WhiteElo "2460"]
[BlackElo "2490"]

1.g3 d5 2.Bg2 c6 3.Nf3 Nf6 4.O-O Bg4 5.Ne5 Bh5 6.d4 e6 7.c4 Nbd7 8.cxd5 Nxe5
9.dxe5 Nxd5 10.h3 Qc7 11.g4 Bg6 12.e4 Nb4 13.f4 f6 14.exf6 gxf6 15.Be3 Qd6
16.Qb3 Bf7 17.e5 fxe5 18.Rd1 Qc7 19.fxe5 Nd5 20.Bd4 Rg8 21.Nd2 h5 22.Qf3 hxg4
23.hxg4 O-O-O 24.Ne4 Kb8 25.b4 Bxb4 26.Nd6 Bg6 27.Qf2 Rdf8 28.Qe2 Bc3 29.Bxd5 Bxa1
30.Rxa1 exd5 31.Rc1 Bd3 32.Qd1 Qg7  0-1

[Event "Lvov Int"]
[Site "Lvov"]
[Date "1986.??.??"]
[Round "?"]
[White "Novikov, Igor A"]
[Black "Szekely, Peter"]
[Result "1/2-1/2"]
[WhiteElo "2490"]
[BlackElo "2415"]

1.d4 Nf6 2.c4 g6 3.Nc3 Bg7 4.e4 d6 5.f3 O-O 6.Nge2 c5 7.Be3 cxd4 8.Nxd4 Nc6
9.Qd2 Nxd4 10.Bxd4 Qa5 11.Be2 Be6 12.Rb1 a6 13.O-O Rac8 14.b3 Nd7 15.f4 Bxd4+
16.Qxd4 f6 17.Kh1 Qc5 18.Qd2 Kh8 19.Rbc1 Rg8 20.Bd3 Rg7 21.Bb1 Qa5 22.Qe3 g5
23.Nd5 gxf4 24.Qxf4 Rcg8 25.Rc2 Ne5 26.Re2 Qd8  1/2-1/2

[Event "Minsk tt"]
[Site "Minsk"]
[Date "1986.??.??"]
[Round "?"]
[White "Novikov, Igor A"]
[Black "Epishin, Vladimir"]
[Result "1-0"]
[WhiteElo "2490"]
[BlackElo "2350"]

1.d4 Nf6 2.c4 g6 3.Nc3 d5 4.Nf3 Bg7 5.Bf4 c5 6.dxc5 Qa5 7.e3 O-O 8.Rc1 Ne4
9.Be5 Bxe5 10.Nxe5 Nxc3 11.Rxc3 Qxa2 12.Qc1 Qa4 13.b3 Qa5 14.cxd5 Nd7 15.Nxd7 Bxd7
16.f3 Rfc8 17.Kf2 Qb4 18.Be2 e6 19.d6 e5 20.Qc2 Bf5 21.e4 Be6 22.Rc1 a5 23.Qd3 a4
24.bxa4 Rxa4 25.Rb1 Qa5 26.Rb5 Qa7 27.Qb1 Ra2 28.Rxb7 Qa4 29.Qd3 Qd4+ 30.Qe3 Kg7
31.Rd3 Qa4 32.Rd2 Ra3 33.Qg5 Rxc5 34.d7  1-0

[Event "Minsk tt"]
[Site "Minsk"]
[Date "1986.??.??"]
[Round "?"]
[White "Yakovich, Yuri"]
[Black "Novikov, Igor A"]
[Result "1/2-1/2"]
[WhiteElo "2480"]
[BlackElo "2490"]

1.e4 c5 2.Nf3 e6 3.d4 cxd4 4.Nxd4 Nf6 5.Nc3 d6 6.Be2 a6 7.f4 Qc7 8.Bf3 Nc6
9.Be3 Be7 10.Qe2 Nxd4 11.Bxd4 e5 12.Be3 O-O 13.O-O-O b5 14.a3 Be6 15.g4 exf4
16.Bxf4 Rac8 17.g5 Nd7 18.Nd5 Bxd5 19.Rxd5 Ne5 20.Bg2 Rfe8 21.h4 Bf8 22.h5 Qb7
23.Bh3 Rc4 24.Rhd1 Qc6  1/2-1/2

[Event "URS-ch sf"]
[Site "Sevastopol"]
[Date "1986.??.??"]
[Round "?"]
[White "Osnos, Viatcheslav"]
[Black "Novikov, Igor A"]
[Result "0-1"]
[WhiteElo "2435"]
[BlackElo "2490"]

1.Nf3 Nf6 2.c4 b6 3.b3 Bb7 4.Bb2 e6 5.g3 Be7 6.Bg2 O-O 7.O-O c5 8.e3 d6 9.Qe2 Nbd7
10.Rd1 a6 11.d4 b5 12.Nbd2 Qc7 13.a3 cxd4 14.exd4 bxc4 15.bxc4 Rab8 16.Bc3 Rfe8
17.Rac1 Bf8 18.Ne1 d5 19.Bb4 Bxb4 20.axb4 dxc4 21.Rxc4 Qd6 22.Bxb7 Rxb7 23.Nd3 Rb5
24.Nc5 Nb6 25.Nde4 Nxe4 26.Nxe4 Qd8 27.Rc6 Rxb4 28.Nd6 Qa8 29.Rc7 Rf8 30.Qh5 Qd5
31.Qxd5 Nxd5  0-1

[Event "URS-ch sf"]
[Site "Sevastopol"]
[Date "1986.??.??"]
[Round "?"]
[White "Novikov, Igor A"]
[Black "Kuzmin, Alexey"]
[Result "1/2-1/2"]
[WhiteElo "2490"]
[BlackElo "2355"]

1.d4 d5 2.c4 e6 3.Nf3 Nf6 4.Nc3 Be7 5.Bg5 h6 6.Bxf6 Bxf6 7.e3 O-O 8.Rc1 c6
9.Bd3 Nd7 10.O-O dxc4 11.Bxc4 e5 12.h3 exd4 13.exd4 Nb6 14.Bb3 Bf5 15.Re1 a5
16.a3 Re8 17.Rxe8+ Qxe8 18.Qd2 Qd7 19.Re1 a4 20.Ba2 Rd8 21.Qf4 Bg6 22.Qg3 Bh5  1/2-1/2

[Event "URS-ch sf"]
[Site "Sevastopol"]
[Date "1986.??.??"]
[Round "?"]
[White "Novikov, Igor A"]
[Black "Kharitonov, Andrei Y"]
[Result "1/2-1/2"]
[WhiteElo "2490"]
[BlackElo "2460"]

1.d4 d5 2.c4 e6 3.Nc3 Nf6 4.cxd5 exd5 5.Bg5 Be7 6.e3 c6 7.Bd3 Nbd7 8.Qc2 Nf8
9.Nf3 Ne6 10.Bh4 g6 11.O-O O-O 12.Rab1 Ng7 13.b4 a6 14.a4 Bf5 15.b5 axb5
16.axb5 Rc8 17.Rfc1 Bxd3 18.Qxd3 Nf5 19.Bxf6 Bxf6 20.Na4 Re8 21.bxc6 bxc6
22.Rb6 Ne7 23.Rcb1 Qd6 24.Qb3 Ra8 25.Rb7 Nf5 26.Nc5 Re7 27.Rb8+ Rxb8 28.Qxb8+ Qxb8
29.Rxb8+ Kg7 30.g4 Nh4 31.Nxh4 Bxh4 32.Rc8 Ra7 33.Rxc6 Ra2 34.Nd3 Rd2 35.Rc3 f5
36.gxf5 gxf5 37.Kf1 f4 38.Nxf4 Rxf2+ 39.Kg1 Rd2 40.Nxd5 Kg6 41.Rc8 Kf5 42.Rf8+ Kg4
43.Rf4+ Kh3 44.Rf3+ Kg4 45.Rf1 Re2 46.Nf4 Rxe3 47.Ng2 Re4 48.Nxh4 Kxh4 49.Rd1 Kg5
50.Kf2 Kf6 51.Rd3 Ke6 52.Re3 Kd5  1/2-1/2

[Event "URS-ch U20"]
[Site "Tallinn"]
[Date "1986.??.??"]
[Round "?"]
[White "Yakovich, Yuri"]
[Black "Novikov, Igor A"]
[Result "1/2-1/2"]
[WhiteElo "2480"]
[BlackElo "2490"]

1.e4 c5 2.Nf3 d6 3.d4 cxd4 4.Nxd4 Nf6 5.Nc3 a6 6.Be2 e6 7.f4 Qc7 8.Be3 b5
9.Bf3 Bb7 10.a3 Nbd7 11.Qe2 Rc8 12.O-O Be7 13.Rad1 O-O 14.g4 Nc5 15.Qg2 Rfe8
16.g5 Nfd7 17.Qh3 Bf8 18.Nde2 Nb6 19.Qg2 Nca4 20.Bc1 Nc4 21.Nxa4 bxa4  1/2-1/2

[Event "URS-ch U20"]
[Site "Tallinn"]
[Date "1986.??.??"]
[Round "?"]
[White "Novikov, Igor A"]
[Black "Epishin, Vladimir"]
[Result "1/2-1/2"]
[WhiteElo "2490"]
[BlackElo "2350"]

1.d4 Nf6 2.c4 g6 3.Nc3 d5 4.Nf3 Bg7 5.e3 O-O 6.Bd2 e6 7.Rc1 Nbd7 8.cxd5 exd5
9.b4 c6 10.Be2 a5 11.b5 c5 12.O-O b6 13.Qc2 Re8 14.Rfd1 Bb7 15.Be1 Qe7 16.Na4 Rac8
17.Nxb6 Nxb6 18.dxc5 Nc4 19.c6 Bxc6 20.bxc6 Rxc6 21.Nd4 Rcc8 22.Qb3 a4  1/2-1/2

[Event "Agzamov mem"]
[Site "Tashkent"]
[Date "1986.??.??"]
[Round "5"]
[White "Novikov, Igor A"]
[Black "Loginov, Valery A"]
[Result "1/2-1/2"]
[WhiteElo "2490"]
[BlackElo "2355"]

1.d4 Nf6 2.c4 g6 3.Nc3 Bg7 4.e4 d6 5.Nge2 O-O 6.Ng3 e5 7.d5 a5 8.Be2 Na6
9.Bg5 h6 10.Be3 h5 11.Qd2 Ng4 12.Bxg4 Bxg4 13.f3 Bd7 14.O-O-O Qe7 15.Kb1 Rfb8
16.Nge2 f5 17.Nb5 b6 18.Nec3 f4 19.Bf2 Rf8 20.Ne2 Rf7 21.Nc1 Bf6 22.Nd3 Bh4
23.Bg1 Bf6 24.Bf2 Bh4 25.Bg1 Bf6  1/2-1/2

[Event "Agzamov mem"]
[Site "Tashkent"]
[Date "1986.??.??"]
[Round "6"]
[White "Zaichik, Gennadi"]
[Black "Novikov, Igor A"]
[Result "1/2-1/2"]
[WhiteElo "2480"]
[BlackElo "2490"]

1.g3 d5 2.Bg2 c6 3.Nf3 Bg4 4.c4 e6 5.O-O Nd7 6.d3 Ngf6 7.Nc3 Be7 8.h3 Bxf3
9.exf3 O-O 10.f4 dxc4 11.dxc4 Nc5 12.Be3 a5 13.Qc2 Qd3 14.Qxd3 Nxd3 15.Na4 Nd7
16.Be4 N3c5 17.Nxc5 Nxc5 18.Bc2 g6 19.h4 Rfd8 20.Rad1 h5 21.a3 Kf8 22.Rxd8+ Rxd8
23.Rb1 a4 24.Rd1 Rxd1+ 25.Bxd1 Nd3 26.Be2 Nxb2 27.c5 Bf6 28.Bd2 Bd4 29.Bb4 Ke7
30.Kf1 f5 31.Ke1 Kd7 32.f3 Ke7 33.Kd2 Bf2 34.Bc3 Bxg3 35.Ke3 Bxh4 36.Bxb2 Bg3
37.Be5 Kd7 38.Kd4 Bf2+ 39.Kc4 Be3 40.Kb4 Bf2 41.Bf1 Be3 42.Be2 Bf2 43.Bf1 Be3  1/2-1/2

[Event "Agzamov mem"]
[Site "Tashkent"]
[Date "1986.??.??"]
[Round "9"]
[White "Novikov, Igor A"]
[Black "Pigusov, Evgeny"]
[Result "1/2-1/2"]
[WhiteElo "2490"]
[BlackElo "2495"]

1.d4 d5 2.c4 e6 3.Nc3 Nf6 4.Nf3 Be7 5.Bg5 h6 6.Bxf6 Bxf6 7.e3 O-O 8.Rc1 c6
9.Bd3 Nd7 10.O-O dxc4 11.Bxc4 e5 12.Ne4 exd4 13.Nxf6+ Nxf6 14.Qxd4 Bg4 15.Qf4 Bxf3
16.Qxf3 Qd2 17.Qe2 Qxe2 18.Bxe2 Rfd8 19.Rfd1 Kf8 20.f3 Nd5 21.e4 Nf4 22.Bc4 Ke7
23.Kf2 Ne6 24.Ke3 f6 25.f4 Rxd1 26.Rxd1 Rd8 27.Rxd8 Nxd8 28.b4 Ne6 29.h4 b6
30.g3 Kd6 31.Kd3 Nc7 32.Kd4 Ne6+ 33.Ke3 Ke7 34.Kd3 Kd6 35.a3 Nf8 36.h5 Ne6
37.Ke3 Nc7 38.Kd3 Ne6 39.Ke3 Nc7 40.Kd3  1/2-1/2

[Event "URS-FL"]
[Site "Lvov"]
[Date "1987.??.??"]
[Round "?"]
[White "Novikov, Igor A"]
[Black "Malisauskas, Vidmantas"]
[Result "1/2-1/2"]
[WhiteElo "2455"]
[BlackElo "2325"]

1.d4 Nf6 2.c4 g6 3.Nc3 d5 4.Bf4 Bg7 5.e3 c6 6.Nf3 O-O 7.Bd3 Be6 8.c5 b6 9.cxb6 Qxb6
10.Qd2 Qa5 11.O-O Nbd7 12.h3 Rfc8 13.Rab1 Bf5 14.b4 Qd8 15.Na4 Nb6 16.Nc5 Nc4
17.Qe2 Bxd3 18.Qxd3 Nd7 19.Nd2 e5 20.Bg3 Nxd2 21.Qxd2 exd4 22.exd4 Nb6 23.Nb7 Nc4
24.Qf4 Qf6 25.Rfd1 a5 26.bxa5 Nxa5 27.Nxa5 Qxf4 28.Bxf4 Rxa5 29.Rd2 Ra4 30.Be3 Rc4
31.Rb7 Ra8 32.Rc7 Re8 33.Rb2 Rf8 34.Rb6 Bxd4 35.Rbxc6 Rxc6 36.Rxc6 Bxe3 37.fxe3 Ra8
38.Rc5 Rxa2  1/2-1/2

[Event "URS-FL"]
[Site "Lvov"]
[Date "1987.??.??"]
[Round "?"]
[White "Novikov, Igor A"]
[Black "Mikhalchishin, Adrian"]
[Result "1-0"]
[WhiteElo "2455"]
[BlackElo "2500"]

1.d4 Nf6 2.c4 e6 3.Nf3 d5 4.Nc3 Nbd7 5.Bg5 Bb4 6.e3 c5 7.cxd5 exd5 8.Bd3 Qa5
9.Qc2 c4 10.Bf5 O-O 11.O-O Re8 12.Nd2 g6 13.Bh3 Kg7 14.Rae1 Nb6 15.Bxc8 Raxc8
16.Bxf6+ Kxf6 17.f4 Kg7 18.f5 Na4 19.Ndb1 Bxc3 20.bxc3 Re4 21.Qf2 Rf8 22.f6+ Kh8
23.Qg3 h5 24.h3 Nxc3 25.Nd2 Re6 26.Rf5 Kg8 27.e4 Qa3 28.Qf4 Rfe8 29.e5 Qf8
30.Re3 Nb5 31.Rxh5 Nxd4 32.Qxd4 gxh5 33.Rg3+ Kh8 34.Nf3 Qh6 35.Rg5 Rg8 36.Qf4 Rg6
37.h4 c3 38.Qf5 Rxg5 39.Nxg5 Qg6 40.Qxg6 fxg6 41.Nxe6  1-0

[Event "URS-FL"]
[Site "Lvov"]
[Date "1987.??.??"]
[Round "?"]
[White "Janjgava, Lasha"]
[Black "Novikov, Igor A"]
[Result "1/2-1/2"]
[WhiteElo "2410"]
[BlackElo "2455"]

1.d4 d5 2.c4 e6 3.Nf3 c5 4.cxd5 exd5 5.g3 Nc6 6.Bg2 Nf6 7.O-O Be7 8.Nc3 O-O
9.Bg5 c4 10.Ne5 Be6 11.Nxc6 bxc6 12.b3 Qa5 13.Na4 Rfd8 14.e3 c5 15.Nxc5 Bxc5
16.dxc5 Qxc5 17.Bxf6 gxf6 18.bxc4 dxc4 19.Bxa8 Rxd1 20.Rfxd1 c3 21.Be4 c2
22.Rd8+ Kg7 23.Rc1 Bh3 24.Bxc2 Qc6 25.e4 Qc3 26.Rd3 Qb2 27.Rdd1 Qxa2 28.Bd3 Bg4
29.Re1 Qd2 30.Ba6 Bf3 31.Ra1 Qd4 32.Bf1 Bxe4 33.Bg2 Bf5 34.Ra3 Bc8 35.Rc1 Qd7
36.Ra5 Qe7 37.Ra4 Qd7 38.Ra3 Qe7 39.Rca1 a6 40.Bf1 Bb7 41.Bg2 Bc8 42.Bf1 Bb7
43.Bxa6 Bc6 44.Re3 Qa7 45.Rc3 Qd4 46.Rac1 Bd5 47.Be2 Qd2 48.Bf1 f5 49.Bg2 Bb3
50.Rc5 f4 51.gxf4 Qxf4 52.R1c3 Qd4 53.Rg3+ Kf8 54.Rc8+ Ke7 55.Rc7+ Kf8 56.Rc8+ Ke7
57.Bf3 Bc4 58.h3 Qa1+ 59.Kh2 Qd4 60.Kg1 Qa1+ 61.Kh2 Qd4 62.Bg2 h5 63.Rc7+  1/2-1/2

[Event "URS-FL"]
[Site "Lvov"]
[Date "1987.??.??"]
[Round "?"]
[White "Rozentalis, Eduardas"]
[Black "Novikov, Igor A"]
[Result "1/2-1/2"]
[WhiteElo "2505"]
[BlackElo "2455"]

1.e4 c5 2.c3 d5 3.exd5 Qxd5 4.d4 e6 5.Nf3 Nf6 6.Na3 Qd8 7.Nc4 Nc6 8.Nce5 cxd4
9.Bb5 Qd5 10.Qa4 Bd7 11.Nxd7 Nxd7 12.Bxc6 bxc6 13.Qxd4 Bc5 14.Qxd5 cxd5 15.Ke2 Ke7
16.Rd1 Rab8 17.b3 Rhc8 18.Bf4 Rb6 19.Rac1 f6 20.Rc2 e5 21.Bc1 Ke6 22.Ne1 Rbc6
23.Rcd2 Nb6 24.Bb2 Be7 25.g3 a5 26.Ng2 a4 27.Ne3 Rd8 28.f4 g6 29.Kf3 h5 30.h3 Bc5
31.Nc2 Rb8 32.Kg2 Rc7 33.Kf3 h4 34.g4 axb3 35.axb3 Na4 36.bxa4 Rxb2 37.Ke2 Rb3
38.fxe5 fxe5 39.Rd3 Ra7 40.Ne1 Rxa4 41.Nf3 Rb2+ 42.R1d2 Rxd2+ 43.Rxd2  1/2-1/2

[Event "Pavlodar"]
[Site "Pavlodar"]
[Date "1987.??.??"]
[Round "?"]
[White "Panchenko, Alexander N"]
[Black "Novikov, Igor A"]
[Result "1-0"]
[WhiteElo "2475"]
[BlackElo "2455"]

1.e4 c5 2.Nf3 d6 3.d4 cxd4 4.Nxd4 Nf6 5.Nc3 a6 6.a4 e6 7.Be2 Be7 8.O-O O-O
9.f4 Qc7 10.Kh1 Rd8 11.Be3 Nc6 12.Bd3 Nb4 13.a5 Bd7 14.Nf3 Rdc8 15.Bb6 Qb8
16.e5 Nfd5 17.Bxh7+ Kxh7 18.Ng5+ Kg8 19.Qh5 Bxg5 20.fxg5 Be8 21.Ne4 dxe5
22.Nf6+ Nxf6 23.gxf6 Nd5 24.fxg7 Kxg7 25.Qg4+ Kf8 26.Qxe6 Nxb6 27.Qh6+ Ke7
28.Qh4+ Kf8 29.Qb4+ Kg8 30.Ra3 e4 31.axb6 Bb5 32.Rf5 Rc6 33.Rg3+ Rg6 34.Rxg6+ fxg6
35.Qb3+ Kh8 36.Rf7 Qc8 37.Qg3 Qf5 38.Qc3+  1-0

[Event "Pavlodar"]
[Site "Pavlodar"]
[Date "1987.??.??"]
[Round "?"]
[White "Novikov, Igor A"]
[Black "Vladimirov, Evgeny"]
[Result "1/2-1/2"]
[WhiteElo "2455"]
[BlackElo "2525"]

1.d4 d5 2.c4 c6 3.Nf3 Nf6 4.e3 Bf5 5.Bd3 e6 6.O-O Bd6 7.Nc3 Bg6 8.Ne5 dxc4
9.Nxc4 Be7 10.Ne5 Bxd3 11.Qxd3 Nbd7 12.Nxd7 Qxd7 13.Rd1 c5 14.dxc5 Qxd3 15.Rxd3 Bxc5
16.b3 Rd8 17.Rxd8+ Kxd8 18.Bb2 Ke7 19.Rd1 Rd8 20.Rxd8 Kxd8 21.Kf1 Kd7 22.Ke2 Kc6
23.Kd3 Bd6 24.Ne4 Nxe4 25.Kxe4 g6 26.h3 h5 27.Bf6 a6 28.g4 hxg4 29.hxg4 b5
30.f4 Ba3  1/2-1/2

[Event "Pavlodar"]
[Site "Pavlodar"]
[Date "1987.??.??"]
[Round "?"]
[White "Novikov, Igor A"]
[Black "Gleizerov, Evgeny"]
[Result "1-0"]
[WhiteElo "2455"]
[BlackElo "2410"]

1.d4 Nf6 2.c4 g6 3.Nc3 Bg7 4.e4 d6 5.Nge2 O-O 6.Ng3 h5 7.Be2 e5 8.d5 Nh7
9.Be3 Nd7 10.O-O h4 11.Nh1 f5 12.exf5 gxf5 13.f4 exf4 14.Bxf4 Ne5 15.Nf2 Ng5
16.Nb5 Bf6 17.Nd4 Ng6 18.Bxg5 Bxg5 19.Kh1 Be3 20.Qd3 Qe8 21.Rae1 Nf4 22.Qd1 Qe5
23.Nc2 h3 24.Nxe3 Qxe3 25.Bf3 Qc5 26.b3 hxg2+ 27.Bxg2 Bd7 28.Qd2 Ng6 29.Qg5 Kg7
30.Ng4  1-0

[Event "Pavlodar"]
[Site "Pavlodar"]
[Date "1987.??.??"]
[Round "?"]
[White "Loginov, Valery A"]
[Black "Novikov, Igor A"]
[Result "1-0"]
[WhiteElo "2355"]
[BlackElo "2455"]

1.Nf3 Nf6 2.g3 d5 3.Bg2 c6 4.O-O Bg4 5.h3 Bh5 6.d3 Nbd7 7.Nbd2 e6 8.Qe1 Be7
9.e4 O-O 10.e5 Ne8 11.Nh2 Nc7 12.Ndf3 c5 13.h4 Bg6 14.Bg5 Nb8 15.Qd2 Nc6
16.Kh1 c4 17.d4 b5 18.Ng4 b4 19.Rac1 Nb5 20.c3 Qa5 21.h5 Bxh5 22.Nf6+ Bxf6
23.exf6 Rfe8 24.Ne5 bxc3 25.bxc3 Ncxd4 26.fxg7 Bg6 27.cxd4 Qxd2 28.Bxd2 Nxd4
29.Ng4 Nf5 30.Bc3 Nxg7 31.Nf6+ Kh8 32.Nxe8 Rxe8 33.Be5 Kg8 34.g4 Re7 35.Rc3 Ne8
36.g5 Nc7 37.Ra3 Nb5 38.Ra5 Rb7 39.Ra1 Kf8 40.a4 Nc7 41.Rc5  1-0

[Event "Poznan"]
[Site "Poznan"]
[Date "1987.??.??"]
[Round "?"]
[White "Bernard, Ryszard"]
[Black "Novikov, Igor A"]
[Result "1/2-1/2"]
[WhiteElo "2335"]
[BlackElo "2455"]

1.e4 c5 2.Nf3 d6 3.Bc4 Nf6 4.Qe2 Nc6 5.c3 Bg4 6.d3 e6 7.Nbd2 Be7 8.h3 Bh5
9.O-O O-O 10.Bb3 d5 11.g4 Bg6 12.Nh4 dxe4 13.Nxg6 hxg6 14.dxe4 g5 15.Nf3 Nh7
16.e5 Qc7 17.Qe4 g6 18.Be3 Kg7 19.Rad1 Rad8 20.Kg2 b5 21.Rh1 Rxd1 22.Rxd1 Na5
23.Bc2 Rd8 24.Rxd8 Bxd8 25.b4 cxb4 26.cxb4 Nc6 27.Bc5 Nf8 28.Bd6 Qb6 29.Bc5 Qc7
30.Bd6 Qb6 31.Bc5  1/2-1/2

[Event "Poznan"]
[Site "Poznan"]
[Date "1987.??.??"]
[Round "?"]
[White "Novikov, Igor A"]
[Black "Woda, Jacek"]
[Result "1-0"]
[WhiteElo "2455"]
[BlackElo "2300"]

1.d4 Nf6 2.c4 e6 3.Nf3 c5 4.e3 b6 5.a3 Be7 6.Nc3 d5 7.cxd5 exd5 8.Bb5+ Bd7
9.Be2 Bg4 10.h3 Be6 11.Bb5+ Kf8 12.O-O a6 13.Bd3 Nc6 14.Ne5 Qc7 15.Nxc6 Qxc6
16.f4 g6 17.f5 Bd7 18.e4 gxf5 19.exd5 Nxd5 20.Bxf5 Rg8 21.Bxd7 Rxg2+ 22.Kh1 Qg6
23.Qf3 Rg3 24.Bh6+ Kg8 25.Qxg3  1-0

[Event "Poznan"]
[Site "Poznan"]
[Date "1987.??.??"]
[Round "?"]
[White "Ernst, Thomas"]
[Black "Novikov, Igor A"]
[Result "1-0"]
[WhiteElo "2455"]
[BlackElo "2455"]

1.e4 c5 2.Nf3 d6 3.d4 cxd4 4.Nxd4 Nf6 5.Nc3 a6 6.Bg5 e6 7.f4 Qb6 8.Qd2 Qxb2
9.Rb1 Qa3 10.f5 Nc6 11.fxe6 fxe6 12.Nxc6 bxc6 13.Be2 Be7 14.O-O Qa5 15.Bf3 e5
16.Bh5+ Kd8 17.Be3 c5 18.Rxf6 gxf6 19.Bh6 Rg8 20.Qd5 Rxg2+ 21.Kxg2 Qxc3 22.Kh1 Qxc2
23.Rc1 Qf2 24.Qxa8 Qh4 25.Rg1 Qxh5 26.Rg8+ Bf8 27.Rxf8+ Ke7 28.Rxc8 Qd1+
29.Kg2 Qe2+ 30.Kg3 Qe1+ 31.Kf3 Qf1+ 32.Ke3 Qe1+ 33.Kd3 Qf1+ 34.Kc2 Qc4+ 35.Kd2 Qxa2+
36.Ke3 Qb3+ 37.Kf2 Qc2+ 38.Kg3 Qc3+ 39.Kg4 f5+ 40.exf5 Qd4+ 41.Kg3 Qg1+ 42.Qg2  1-0

[Event "Poznan"]
[Site "Poznan"]
[Date "1987.??.??"]
[Round "?"]
[White "Bozek, Adam"]
[Black "Novikov, Igor A"]
[Result "1/2-1/2"]
[WhiteElo "2380"]
[BlackElo "2455"]

1.e4 c5 2.Nf3 d6 3.d4 cxd4 4.Nxd4 Nf6 5.Nc3 a6 6.Be2 e6 7.a4 Be7 8.O-O O-O
9.f4 Qc7 10.Be3 b6 11.Bf3 Bb7 12.Qe2 Nbd7 13.Bf2 Rfe8 14.Bg3 e5 15.Nf5 Bf8
16.fxe5 Nxe5 17.Bh4 Nfd7 18.Ne3 Rac8 19.Rf2 Qc5 20.Ncd5 Nxf3+ 21.Qxf3 Ne5
22.Qf5 Rb8 23.Raf1 Bc8 24.Qh5 Be6 25.Kh1 Rb7 26.c3 Ng6 27.Bf6 Bxd5 28.Bd4 Qc6
29.exd5 Qxa4 30.Rf3 Re4 31.Kg1 Rh4 32.Qf5 Qe8 33.Qd3 Ne5 34.Bxe5 Qxe5 35.g3 Ra4
36.Nc4 Qh5 37.Qe2 Re7 38.Qd3 Rb7 39.Qe2 Qxd5 40.b3 Rxc4 41.Qxc4 Qxc4 42.bxc4 g6
43.Kf2 Bg7 44.Ke2 Rc7 45.Ra1 a5 46.Rb1 Rc6 47.Rb3 f5 48.Kd3 h5 49.Rf1 Bf6
50.Rfb1 Bd8 51.Kd4 Kf7 52.Rb5 Rc8 53.Kd5 h4  1/2-1/2

[Event "Poznan"]
[Site "Poznan"]
[Date "1987.??.??"]
[Round "?"]
[White "Stempin, Pawel"]
[Black "Novikov, Igor A"]
[Result "1-0"]
[WhiteElo "2400"]
[BlackElo "2455"]

1.e4 c5 2.Nf3 d6 3.d4 cxd4 4.Nxd4 Nf6 5.Nc3 a6 6.Be2 e6 7.a4 Be7 8.O-O O-O
9.f4 Qc7 10.Kh1 Rd8 11.Be3 b6 12.Bf3 Bb7 13.e5 dxe5 14.fxe5 Nfd7 15.Bxb7 Qxb7
16.Qh5 g6 17.Qh3 Nf8 18.Rae1 Nbd7 19.Nf3 Rac8 20.Bg5 Nc5 21.Re3 h5 22.Qh4 Bxg5
23.Nxg5 Rd2 24.Ref3 Rxc2 25.Nxf7 Qxf3 26.gxf3 Kxf7 27.Qd4 Kg7 28.Rf2 Rxf2
29.Qxf2 a5 30.Qd4 Rc6 31.Qd8 Kg8 32.Kg2 Nd7 33.f4 Rc4 34.Kf3 Rb4 35.Ne4 Rb3+
36.Ke2 Rxb2+ 37.Ke3 Rb3+ 38.Kd2 Rb4 39.Nf6+ Nxf6 40.exf6 Rxf4 41.Ke3 Rf5
42.Qe7 Re5+ 43.Kf2 Rf5+ 44.Kg2  1-0

[Event "Uzhgorod"]
[Site "Uzhgorod"]
[Date "1987.??.??"]
[Round "?"]
[White "Serper, Grigory"]
[Black "Novikov, Igor A"]
[Result "1-0"]
[WhiteElo "2365"]
[BlackElo "2480"]

1.e4 c5 2.Nc3 d6 3.Nf3 a6 4.g3 b5 5.d4 b4 6.Na4 Bb7 7.dxc5 Bxe4 8.cxd6 exd6
9.Qe2 Ra7 10.Nd2 Re7 11.Nxe4 d5 12.Bg5 f6 13.Be3 Rxe4 14.O-O-O Qa5 15.b3 Ne7
16.Bb6 Rxe2 17.Bxe2 Qb5 18.Bxb5+ axb5 19.Nb2 Nbc6 20.Bc5 Kd7 21.Rhe1 g6 22.Nd3 Nf5
23.Bxf8 Rxf8 24.Nc5+ Kd6 25.Ne4+ Ke6 26.Nc3+  1-0

[Event "Uzhgorod"]
[Site "Uzhgorod"]
[Date "1987.??.??"]
[Round "?"]
[White "Kanstler, Boris"]
[Black "Novikov, Igor A"]
[Result "1/2-1/2"]
[WhiteElo "2405"]
[BlackElo "2480"]

1.d4 Nf6 2.c4 e6 3.Nf3 d5 4.Nc3 c6 5.cxd5 exd5 6.Bg5 Be7 7.Qc2 g6 8.e3 Bf5
9.Qb3 Qb6 10.h3 Nbd7 11.Be2 O-O 12.g4 Be6 13.Bf4 Ne4 14.Kf1 Bd6 15.Nxe4 Bxf4
16.Nc5 Nxc5 17.dxc5 Qxb3 18.axb3 Bh6 19.Nd4 Bd7 20.Kg2 f5 21.gxf5 Bxf5 22.Bg4 Bxg4
23.hxg4 Bg7 24.Ne6  1/2-1/2

[Event "Uzhgorod"]
[Site "Uzhgorod"]
[Date "1987.??.??"]
[Round "?"]
[White "Epishin, Vladimir"]
[Black "Novikov, Igor A"]
[Result "1/2-1/2"]
[WhiteElo "2400"]
[BlackElo "2480"]

1.Nf3 d5 2.d4 Nf6 3.c4 e6 4.Nc3 c6 5.Bg5 dxc4 6.e4 b5 7.e5 h6 8.Bh4 g5 9.exf6 gxh4
10.Ne5 Qxf6 11.a4 Bb7 12.Be2 c5 13.Bh5 Rh7 14.Nxb5 cxd4 15.Qxd4 Bb4+ 16.Ke2 Na6
17.Rhd1 Bc5 18.Qd7+ Kf8 19.Ng4 Qe7 20.Qxe7+ Kxe7 21.Ne5 Bd5 22.Bf3 Nb4 23.Rac1 Na2
24.Ra1 Nb4 25.Rac1 Na2 26.Ra1 Nb4 27.Rac1  1/2-1/2

[Event "URS-ch otbor56"]
[Site "Blagoveshchensk"]
[Date "1988.??.??"]
[Round "?"]
[White "Sherbakov, Vitaly S"]
[Black "Novikov, Igor A"]
[Result "0-1"]
[WhiteElo "2290"]
[BlackElo "2500"]

1.d4 Nf6 2.Nf3 d5 3.c4 e6 4.Nc3 c6 5.Bg5 dxc4 6.e4 b5 7.a4 Bb7 8.axb5 cxb5
9.e5 h6 10.Bd2 Ne4 11.Nxb5 Nxd2 12.Qxd2 Bxf3 13.gxf3 Nc6 14.Rd1 Qb6 15.Bxc4 Bb4
16.Nc3 O-O-O 17.Qe3 Rxd4 18.Rxd4 Qxd4 19.Bb5 Nxe5 20.f4 Bxc3+ 21.bxc3 Qd5
22.Ba6+ Kd8 23.Qxe5 Qxh1+ 24.Ke2 Qc6 25.Qb8+ Ke7 26.Qxh8 Qxa6+ 27.Kd2 Qd6+
28.Ke3 Qc5+ 29.Kd3 Qxf2 30.Qb8 Qb6  0-1